LIBRARY & INFORMATION CENTRE, KCAET, TAVANUR

ONLINE PUBLIC ACCESS CATALOGUE (OPAC)

Text book of fungi bacteria and viruses / (Record no. 7343)

MARC details
000 -LEADER
fixed length control field 00494cam a2200193ua 4500
020 ## - INTERNATIONAL STANDARD BOOK NUMBER
ISBN 0 7069 2886 5
041 ## - LANGUAGE CODE
Language code of text/sound track or separate title eng
082 ## - DEWEY DECIMAL CLASSIFICATION NUMBER
Classification number 632.4
Item number DUB/TE
100 ## - MAIN ENTRY--AUTHOR NAME
Personal name Dube, H C .
245 ## - TITLE STATEMENT
Title Text book of fungi bacteria and viruses /
250 ## - EDITION STATEMENT
Edition statement 1 /
260 ## - PUBLICATION, DISTRIBUTION, ETC. (IMPRINT)
Place of publication New Delhi :
Name of publisher Vani Educational Books ,
Year of publication 1985.
300 ## - PHYSICAL DESCRIPTION
Number of Pages 240 ; .
942 ## - ADDED ENTRY ELEMENTS (KOHA)
Koha item type Books
Holdings
Withdrawn status Lost status Damaged status Home library Current library Date acquired Full call number Accession Number Koha item type
      KAUAET KAUAET 07/04/2012 632.4 DUB/TE 15273 Books
      KAUAET KAUAET 07/04/2012 632.4 DUB/TE 15274 Books
free website counter